Bildanalyse allgemeiner Dokumente

Na minha lista:
Detalhes bibliográficos
Autor principal: Scherl, Wolfgang
Formato: Livro
Idioma:alemão
Publicado em: Berlin Springer 1988
Edição:1. Aufl.
Tags: Adicionar Tag
Sem tags, seja o primeiro a adicionar uma tag!

MARC

LEADER 00000nam a2200000 4500
001 c039351
005 20221206134112.9
041 0 |a ger 
044 |a DE 
245 1 0 |a Bildanalyse allgemeiner Dokumente  |c Wolfgang Scherl 
250 |a 1. Aufl. 
264 1 |a Berlin  |b Springer  |c 1988 
300 |a 205 s. 
100 1 |a Scherl, Wolfgang